[Event "DRUZYNOWE MISTRZOSTWA POLSKI - II LIGA 2018"]
[Site "Jastrzebia Gora"]
[Date "1899-12-30"]
[Round "4.6"]
[White "Gosciniak, Maria"]
[Black "Dziodzio, Angelika"]
[Result "1-0"]
[WhiteTitle "WFM"]
[BlackTitle "WFM"]
[WhiteElo "2093"]
[BlackElo "2149"]

1. e4 c5 2. Nf3 Nc6 3. d4 cxd4 4. Nxd4 Nf6 5. Nc3 d6 6. Bg5 Qb6 7. Nb3 e6 8. Bxf6
gxf6 9. Qd2 a6 10. O-O-O Bd7 11. f4 O-O-O 12. Kb1 Kb8 13. Be2 Rc8 14. Rhf1 h5
15. Bf3 Be7 16. h4 Na5 17. Nd5 Nxb3 18. Nxb6 Nxd2+ 19. Rxd2 Rc7 20. Nxd7+ Rxd7
21. f5 Kc7 22. c4 Rdd8 23. Rfd1 b6 24. a3 Kd7 25. Rc2 Rc8 26. b4 Ke8 27. Kb2 Kf8
28. Kb3 Kg7 29. Rg1 Kh6 30. g4 Rhg8 31. Rcg2 hxg4 32. Rxg4 Rxg4 33. Rxg4 Kh7 34.
Rg2 Bf8 35. Bh5 Rc7 36. Bg4 e5 37. Rd2 Rd7 38. Rd5 Rd8 39. Be2 Ra8 40. c5 bxc5
41. bxc5 Rb8+ 42. Ka4 dxc5 43. Rd7 Rb2 44. Rxf7+ Bg7 45. Bxa6 Rh2 46. Rc7 Rxh4
47. Bb7 Rh3 48. Bd5 Kh6 49. Rb7 Bf8 50. Rb3 Rh2 51. Kb5 Kg5 52. a4 Kf4 53. Rb1
Rh3 54. Rf1+ Ke3 55. a5 Bd6 56. Kc6 Bb8 57. Rb1 Rh8 58. Rxb8 Rxb8 59. Kxc5 1-0

[Event "DRUZYNOWE MISTRZOSTWA POLSKI - II LIGA 2018"]
[Site "Jastrzebia Gora"]
[Date "1899-12-30"]
[Round "4.7"]
[White "Kislinsky, Alexey"]
[Black "Barglowski, Filip"]
[Result "1/2-1/2"]
[WhiteTitle "GM"]
[BlackTitle "FM"]
[WhiteElo "2450"]
[BlackElo "2311"]

1. e4 e5 2. d4 exd4 3. Qxd4 Nc6 4. Qe3 Nf6 5. Bd2 Be7 6. c4 O-O 7. Nc3 Ng4 8. Qe2
d6 9. O-O-O f5 10. h3 Nf6 11. exf5 Bxf5 12. g4 Bg6 13. f4 d5 14. f5 Bf7 15. Nf3
d4 16. g5 dxc3 17. Bxc3 Nd7 18. Rg1 Bc5 19. Rg4 Re8 20. Qc2 Bh5 21. f6 Bxg4 22.
hxg4 g6 23. Bd3 Nde5 24. Nxe5 Nxe5 25. Bxe5 Rxe5 26. Bxg6 Qxd1+ 27. Qxd1 hxg6
28. Qd7 Bf8 29. Qxc7 Rc5 30. Qxb7 Rxc4+ 31. Kb1 Rac8 32. Qd5+ Kh8 33. Qh1+ Kg8
34. Qd5+ Kh8 35. Qb7 Rd8 36. Qb3 1/2-1/2

[Event "DRUZYNOWE MISTRZOSTWA POLSKI - II LIGA 2018"]
[Site "Jastrzebia Gora"]
[Date "1899-12-30"]
[Round "4.8"]
[White "Chylewski, Patryk"]
[Black "Grabarczyk, Miroslaw"]
[Result "1/2-1/2"]
[WhiteTitle "FM"]
[BlackTitle "GM"]
[WhiteElo "2275"]
[BlackElo "2392"]

1. e4 e5 2. Nf3 Nf6 3. d4 Nxe4 4. dxe5 d5 5. Nbd2 Nxd2 6. Qxd2 h6 7. Bd3 c5 8.
O-O Nc6 9. c4 dxc4 10. Bxc4 Qxd2 11. Bxd2 Be6 12. b3 O-O-O 13. Bc3 Bxc4 14. bxc4
Nd4 15. Bxd4 cxd4 16. Rad1 d3 17. Rb1 Bc5 18. Rfd1 Rd7 19. Rb5 b6 20. Rb3 Rhd8
21. Kf1 g5 22. h3 Kc7 23. Ne1 Bd4 24. Nf3 Bc5 25. Ne1 Bd4 26. Nf3 Bc5 27. Ne1
1/2-1/2

[Event "DRUZYNOWE MISTRZOSTWA POLSKI - II LIGA 2018"]
[Site "Jastrzebia Gora"]
[Date "1899-12-30"]
[Round "4.9"]
[White "Sabuk, Piotr"]
[Black "Kokoszczynski, Jan"]
[Result "1-0"]
[WhiteTitle "IM"]
[BlackTitle "k"]
[WhiteElo "2386"]
[BlackElo "2246"]

1. d4 d5 2. c4 e6 3. Nf3 Nf6 4. g3 Be7 5. Bg2 O-O 6. O-O dxc4 7. Ne5 Nc6 8. Nxc6
bxc6 9. Na3 Bxa3 10. bxa3 Nd5 11. Qa4 Nb6 12. Qa5 Qxd4 13. Be3 Qb2 14. Bxc6 Bd7
15. Rab1 Qxe2 16. Bxa8 Rxa8 17. Qd2 Qxd2 18. Bxd2 f6 19. Rfc1 Bc6 20. a4 Bd5 21.
a5 Nd7 22. Bf4 Rc8 23. a6 Kf7 24. Rb5 Ke7 25. a4 c5 26. Rcb1 Rc6 27. Ra5 Nb6 28.
Bb8 c3 29. Bxa7 Nd7 30. Rc1 Rc7 31. Bb8 Nxb8 32. a7 Nd7 33. a8=Q Bxa8 34. Rxa8
Nb6 35. Ra5 Nd5 36. Kf1 Kd6 37. Ke2 Ke5 38. Kd3 Nb4+ 39. Kc4 c2 40. Rb5 Ke4 41.
a5 Kf3 42. Kb3 Ke2 43. Rxb4 Kd3 44. Rxc2 1-0

[Event "DRUZYNOWE MISTRZOSTWA POLSKI - II LIGA 2018"]
[Site "Jastrzebia Gora"]
[Date "1899-12-30"]
[Round "4.10"]
[White "Sanz Wawer, Daniel"]
[Black "Aliavdin, Nikolai"]
[Result "1-0"]
[WhiteTitle "k"]
[BlackTitle "IM"]
[WhiteElo "2166"]
[BlackElo "2323"]

1. d4 Nf6 2. c4 c5 3. d5 e6 4. Nc3 exd5 5. cxd5 d6 6. e4 g6 7. f4 Bg7 8. Bb5+ Nfd7
9. a4 O-O 10. Nf3 Na6 11. O-O Nb4 12. Re1 a6 13. Bf1 Re8 14. Be3 Nf6 15. Bf2 Bg4
16. Rc1 Nh5 17. h3 Bd7 18. Qd2 Bh6 19. g3 Qb8 20. Ng5 Qd8 21. Kg2 Rc8 22. Be2
Nf6 23. Bf1 Qa5 24. Rcd1 Qc7 25. g4 Bxg4 26. hxg4 Bxg5 27. fxg5 Nxg4 28. Bg3 Ne5
29. Be2 c4 30. Rh1 Nbd3 31. Bxd3 cxd3 32. Qf4 Nc4 33. Rxh7 Ne3+ 34. Qxe3 Kxh7
35. Rh1+ Kg8 36. Qd4 f6 37. gxf6 Qf7 38. e5 Rxc3 39. bxc3 dxe5 40. Bxe5 d2 41.
c4 1-0

[Event "DRUZYNOWE MISTRZOSTWA POLSKI - II LIGA 2018"]
[Site "Jastrzebia Gora"]
[Date "1899-12-30"]
[Round "4.11"]
[White "Jedryczka, Krystian"]
[Black "Praczukowski, Stanislaw"]
[Result "0-1"]
[WhiteTitle "m"]
[BlackTitle "k"]
[WhiteElo "2201"]
[BlackElo "2131"]

1. f4 g6 2. Nf3 Bg7 3. d3 c5 4. h3 Nc6 5. g4 d6 6. Bg2 e5 7. c3 Nge7 8. e4 f5 9.
gxf5 gxf5 10. Ng5 O-O 11. Qb3+ d5 12. Qb5 0-1

[Event "DRUZYNOWE MISTRZOSTWA POLSKI - II LIGA 2018"]
[Site "Jastrzebia Gora"]
[Date "1899-12-30"]
[Round "4.12"]
[White "Marcinczyk, Monika"]
[Black "Kantane, Anna"]
[Result "1-0"]
[WhiteTitle "WCM"]
[BlackTitle "WIM"]
[WhiteElo "1865"]
[BlackElo "2247"]

1. e4 d5 2. exd5 Qxd5 3. Nc3 Qd6 4. d4 g6 5. Bc4 Bg7 6. Nge2 a6 7. Bf4 Qb4 8. Bb3
Qa5 9. O-O Nf6 10. Qd2 O-O 11. Nd5 Qxd2 12. Nxe7+ Kh8 13. Bxd2 Re8 14. Bb4 Bf8
15. Bxf7 Bxe7 16. Bxe8 Bxb4 17. Bf7 Nc6 18. c3 Bd6 19. Ng3 b5 20. Rfe1 Kg7 21.
Bb3 Na5 22. Bc2 b4 23. f3 bxc3 24. bxc3 Ba3 25. Rab1 Nd5 26. Ne4 Nc4 27. Bb3 Ndb6
28. Nc5 Bf5 29. Re7+ Kf6 30. Rbe1 Bb2 31. Rxc7 Bxc3 32. Ne4+ Bxe4 33. Rxe4 Rd8
34. Bxc4 Bxd4+ 35. Kf1 Na4 36. Rf7+ Kg5 37. h4+ Kh6 38. Ree7 g5 39. Re6+ Kh5 40.
Rxh7# 1-0

[Event "DRUZYNOWE MISTRZOSTWA POLSKI - II LIGA 2018"]
[Site "Jastrzebia Gora"]
[Date "1899-12-30"]
[Round "4.13"]
[White "Bednarek, Sylwester"]
[Black "Szadkowski, Kamil"]
[Result "1/2-1/2"]
[WhiteTitle "FM"]
[BlackTitle "FM"]
[WhiteElo "2336"]
[BlackElo "2277"]

1. d4 Nf6 2. Bg5 Ne4 3. Be3 e6 4. g3 d5 5. Bg2 Be7 6. Nf3 O-O 7. O-O Nd7 8. Nbd2
f5 9. c4 c6 10. Qc2 Qe8 11. Nxe4 dxe4 12. Ng5 Bf6 13. Rad1 h6 14. Nh3 e5 15. dxe5
Nxe5 16. Bc5 Be7 17. Bd4 Ng4 18. f3 exf3 19. exf3 Nf6 20. Rfe1 Qf7 21. Nf4 Bb4
22. Re2 Rd8 23. a3 Rxd4 24. Rxd4 Bc5 25. Qc3 Bd7 26. Nd3 Bxd4+ 27. Qxd4 c5 28.
Nxc5 Rc8 29. Nxd7 Qxd7 30. Qxd7 Nxd7 31. Re7 Rc7 32. b3 Kf8 33. Re3 a5 34. f4
a4 35. b4 Rxc4 36. Bxb7 Rc1+ 37. Kf2 Rc2+ 38. Kg1 Nb6 39. Re5 Nc4 40. Rxf5+ Ke7
41. Rc5 Nxa3 42. Ra5 Rb2 43. Rxa4 Nc2 44. Be4 Nxb4 45. Ra7+ Kf6 46. Rd7 Re2 47.
Bf3 Rb2 48. Bh5 g5 49. Rd6+ Ke7 50. Rxh6 gxf4 51. gxf4 Nd3 52. Rh7+ Ke6 53. Bg4+
Kf6 54. f5 Ne5 55. h3 Rb4 56. Be2 Kxf5 57. Rh5+ Kf6 58. Kf2 Rb3 59. Rh6+ Kg5 60.
Rh5+ Kf6 61. h4 Nd3+ 62. Kg3 Ne5+ 63. Kf2 Nd3+ 1/2-1/2

[Event "DRUZYNOWE MISTRZOSTWA POLSKI - II LIGA 2018"]
[Site "Jastrzebia Gora"]
[Date "1899-12-30"]
[Round "4.14"]
[White "Snihur, Piotr"]
[Black "Lisowski, Krzysztof"]
[Result "1/2-1/2"]
[WhiteTitle "k"]
[BlackTitle "k"]
[WhiteElo "2233"]
[BlackElo "2061"]

1. e4 c5 2. Nf3 Nc6 3. d4 cxd4 4. Nxd4 Nf6 5. Nc3 e5 6. Ndb5 d6 7. Bg5 a6 8. Na3
b5 9. Nd5 Be7 10. Bxf6 Bxf6 11. c3 Bg5 12. Nc2 O-O 13. h4 Bh6 14. g3 Ne7 15. Nce3
Be6 16. Bg2 Ra7 17. Qd3 Nxd5 18. exd5 Bc8 19. Nf5 Bxf5 20. Qxf5 g6 21. Qd3 f5
22. a4 e4 23. Qd4 Re7 24. O-O Bg7 25. Qd1 Qb6 26. Kh1 Qc5 27. axb5 axb5 28. Ra6
Re5 29. Rc6 Qxd5 30. Rxd6 Qxd1 31. Rfxd1 b4 32. Bf1 bxc3 33. bxc3 Rc5 34. c4 Rc7
35. Kg2 Rb8 36. R1d2 Bf8 37. R6d5 Rbc8 38. Ra2 Kf7 39. h5 Ke6 40. Ra6+ Rc6 41.
Raa5 Bc5 42. Rb5 R6c7 43. Be2 1/2-1/2

[Event "DRUZYNOWE MISTRZOSTWA POLSKI - II LIGA 2018"]
[Site "Jastrzebia Gora"]
[Date "1899-12-30"]
[Round "4.15"]
[White "Migala, Andrzej"]
[Black "Kwiatkowski, Wiktor"]
[Result "1/2-1/2"]
[WhiteTitle "k"]
[BlackTitle "I"]
[WhiteElo "2015"]
[BlackElo "1965"]

1. e4 c5 2. Nc3 d6 3. Nf3 Nf6 4. d4 cxd4 5. Nxd4 a6 6. g3 e5 7. Nde2 Be7 8. Bg2
b5 9. h3 Nbd7 10. g4 b4 11. Nd5 Nxd5 12. Qxd5 Nb6 13. Qa5 d5 14. exd5 Bb7 15.
Be3 Nxd5 16. Qa4+ Qd7 17. Qxd7+ Kxd7 18. O-O-O Ke6 19. Bd2 Rab8 20. f4 f6 21.
Rhe1 Nc3 22. bxc3 bxc3 23. Bxc3 Ba3+ 24. Kd2 Bxg2 25. fxe5 Rhd8+ 26. Nd4+ Kf7
27. e6+ Kf8 28. Ke3 Rbc8 29. Rd3 Re8 30. Kf2 Bd5 31. g5 Bc5 32. gxf6 gxf6 33.
Kg3 Bxd4 34. Bxd4 Rxe6 35. Rxe6 Bxe6 36. c3 Bxa2 37. Bxf6 Kf7 38. Rd6 Bc4 39.
Bd4 Bb5 40. Rf6+ Ke7 1/2-1/2

[Event "DRUZYNOWE MISTRZOSTWA POLSKI - II LIGA 2018"]
[Site "Jastrzebia Gora"]
[Date "1899-12-30"]
[Round "4.16"]
[White "Leskiewicz, Ignacy"]
[Black "Rak, Tomasz"]
[Result "1-0"]
[WhiteTitle "I++"]
[BlackTitle "k"]
[WhiteElo "1995"]
[BlackElo "2018"]

1. e4 c5 2. Nf3 Nc6 3. d4 cxd4 4. Nxd4 g6 5. c4 Bg7 6. Be3 Nf6 7. Nc3 O-O 8. Be2
d6 9. O-O Bd7 10. Qd2 Qb8 11. f3 Rd8 12. a3 Be8 13. b4 e6 14. f4 d5 15. e5 Nxd4
16. Bxd4 dxc4 17. Qe3 Nd5 18. Nxd5 exd5 19. f5 Qc7 20. Bg4 b5 21. f6 Bf8 22. e6
Rdb8 23. e7 Qd6 24. exf8=R+ Qxf8 25. Bc5 d4 26. Qf4 1-0

[Event "DRUZYNOWE MISTRZOSTWA POLSKI - II LIGA 2018"]
[Site "Jastrzebia Gora"]
[Date "1899-12-30"]
[Round "4.17"]
[White "Kietrys, Maciej"]
[Black "Klimkowski, Jan"]
[Result "0-1"]
[WhiteTitle "I"]
[BlackTitle "I"]
[WhiteElo "1730"]
[BlackElo "1887"]

1. e4 c5 2. Nc3 d6 3. d4 cxd4 4. Qxd4 Nc6 5. Qd2 g6 6. b3 Bg7 7. Bb2 Nf6 8. f3
O-O 9. O-O-O a5 10. g4 h5 11. h3 Qb6 12. Nd5 Be6 13. Bc4 Bxd5 14. exd5 Nb4 15.
Kb1 Rfc8 16. Qe2 Nfxd5 17. Rxd5 Bxb2 18. Kxb2 Nxd5 19. Qe4 Rxc4 20. Qxc4 Ne3 21.
Qd3 Rc8 22. c3 Nc4+ 23. Kc2 Ne5 24. Qd2 a4 25. Ne2 axb3+ 26. axb3 Ra8 27. Nc1
Nxf3 28. Qe2 Nd4+ 29. cxd4 Qc6+ 30. Kd2 Qxh1 31. gxh5 Ra1 32. Qc4 Qxc1+ 33. Qxc1
Rxc1 34. Kxc1 gxh5 35. Kd2 e5 36. dxe5 dxe5 37. Ke3 f5 38. Kd4 0-1

[Event "DRUZYNOWE MISTRZOSTWA POLSKI - II LIGA 2018"]
[Site "Jastrzebia Gora"]
[Date "1899-12-30"]
[Round "4.18"]
[White "Pastuszko, Kinga"]
[Black "Dabrowska, Krystyna"]
[Result "1/2-1/2"]
[WhiteTitle "k+"]
[BlackTitle "WGM"]
[WhiteElo "1987"]
[BlackElo "2201"]

1. e4 e5 2. Nf3 d6 3. d4 exd4 4. Nxd4 g6 5. Nc3 Bg7 6. Be3 Nf6 7. Qd2 O-O 8. O-O-O
Nc6 9. f3 Nxd4 10. Bxd4 Be6 11. g4 c5 12. Be3 Qa5 13. a3 Rfd8 14. Bg5 Rd7 15.
Bb5 Rc7 16. Be2 a6 17. Nd5 Qxd2+ 18. Rxd2 Bxd5 19. Bxf6 Bxf6 20. Rxd5 Be5 21.
c3 b5 22. Kc2 Rb8 23. b3 a5 24. a4 bxa4 25. bxa4 c4 26. Rb5 Ra8 27. h3 Kg7 28.
Rd1 f5 29. exf5 gxf5 30. Rdd5 fxg4 31. hxg4 Re8 32. Rxa5 Bxc3 33. Rg5+ Kf7 34.
Kxc3 Rxe2 35. Raf5+ Ke6 36. Rh5 Re3+ 37. Kc2 Re5 38. Rxe5+ dxe5 39. a5 Ra7 40.
a6 Kd5 41. Rh6 Kd4 42. Rd6+ Ke3 43. Rf6 Kd4 44. Rd6+ Ke3 45. Rf6 Kd4 1/2-1/2

[Event "DRUZYNOWE MISTRZOSTWA POLSKI - II LIGA 2018"]
[Site "Jastrzebia Gora"]
[Date "1899-12-30"]
[Round "4.19"]
[White "Garbowski, Jakub"]
[Black "Stachowiak, Kamil"]
[Result "0-1"]
[WhiteTitle "k"]
[BlackTitle "IM"]
[WhiteElo "2169"]
[BlackElo "2433"]

1. e4 c5 2. Nf3 d6 3. d4 cxd4 4. Nxd4 Nf6 5. Nc3 a6 6. Bg5 Nbd7 7. Bc4 g6 8. Bb3
Bg7 9. f3 Qc7 10. Qd2 h6 11. Be3 b5 12. a4 b4 13. Nd5 Nxd5 14. exd5 Nc5 15. O-O
Bd7 16. Rae1 Kf8 17. Qxb4 Bf6 18. Kh1 Kg7 19. Nc6 Nxb3 20. cxb3 Bxc6 21. Qc4 Rac8
22. Rc1 Bb5 23. axb5 Qa5 24. Qd3 Qxb5 25. Rc4 Rxc4 26. bxc4 Qxb2 27. c5 dxc5 28.
Qxa6 Qc3 29. Qe2 Ra8 30. Rd1 Ra1 31. Bf2 Qb2 0-1

[Event "DRUZYNOWE MISTRZOSTWA POLSKI - II LIGA 2018"]
[Site "Jastrzebia Gora"]
[Date "1899-12-30"]
[Round "4.21"]
[White "Stachanczyk, Jacek"]
[Black "Maciol, Ryszard"]
[Result "1-0"]
[WhiteTitle "IM"]
[BlackTitle "k"]
[WhiteElo "2171"]
[BlackElo "2171"]

1. e4 e6 2. d4 d5 3. Nc3 Bb4 4. e5 b6 5. a3 Bf8 6. Nf3 Qd7 7. h4 Bb7 8. Bd3 Nc6
9. Ne2 O-O-O 10. b4 f6 11. Ng3 Kb8 12. c3 Qf7 13. O-O Nge7 14. a4 Nc8 15. Re1
Re8 16. a5 Be7 17. Qa4 Nd8 18. axb6 cxb6 19. Bb5 Reg8 20. exf6 Bd6 21. Ng5 Qc7
22. f7 Nxf7 23. Nxf7 Qxf7 24. Bd7 Rf8 25. Ra2 a6 26. Bxe6 Qc7 27. Nf5 Bh2+ 28.
Kh1 Bf4 29. Bxc8 Bxc1 30. Bxb7 Qxc3 31. Re7 Bf4 32. Ra1 1-0

[Event "DRUZYNOWE MISTRZOSTWA POLSKI - II LIGA 2018"]
[Site "Jastrzebia Gora"]
[Date "1899-12-30"]
[Round "4.22"]
[White "Kolasinski, Krzysztof"]
[Black "Siedlinski, Piotr"]
[Result "1/2-1/2"]
[WhiteTitle "I++"]
[BlackTitle "k"]
[WhiteElo "2118"]
[BlackElo "2081"]

1. d4 d5 2. c4 e6 3. Nc3 Be7 4. cxd5 exd5 5. Bf4 c6 6. e3 Bf5 7. Bd3 Bxd3 8. Qxd3
Nf6 9. Nf3 Nbd7 10. h3 Bb4 11. O-O O-O 12. Ne5 Re8 13. a3 Bxc3 14. bxc3 Nxe5 15.
Bxe5 Nd7 16. Bg3 Nb6 17. Rfe1 Qd7 18. e4 dxe4 19. Rxe4 Rxe4 20. Qxe4 Re8 21. Qf3
Nc4 22. a4 h6 23. a5 Qe6 24. Bf4 Qf5 25. a6 Qb5 26. axb7 Qxb7 27. Qg3 Re6 28.
Qd3 Nb6 29. c4 Qe7 30. Be3 g5 31. d5 cxd5 32. cxd5 Qd7 33. Bxb6 Rxb6 1/2-1/2

[Event "DRUZYNOWE MISTRZOSTWA POLSKI - II LIGA 2018"]
[Site "Jastrzebia Gora"]
[Date "1899-12-30"]
[Round "4.23"]
[White "Olej, Dariusz"]
[Black "Fiedorek, Michal"]
[Result "0-1"]
[WhiteTitle "II"]
[BlackTitle "I"]
[WhiteElo "1467"]
[BlackElo "2186"]

1. Nf3 Nf6 2. c4 g6 3. Nc3 Bg7 4. d4 d6 5. Bg5 O-O 6. e3 h6 7. Bh4 g5 8. Bg3 Nh5
9. Be2 f5 10. Nd2 Nxg3 11. hxg3 e5 12. Nb3 c6 13. Qd2 e4 14. O-O-O a5 15. Na1
Na6 16. a3 Be6 17. Nc2 Qf6 18. Rdf1 c5 19. f3 exf3 20. Rxf3 Rac8 21. d5 Bd7 22.
Rhf1 Nc7 23. Bd3 Qe5 24. Qf2 b5 25. Bxf5 Bxf5 26. Rxf5 Rxf5 27. Qxf5 Rf8 28. Qd3
Rxf1+ 29. Qxf1 b4 30. axb4 cxb4 31. Nd1 Na6 32. Nd4 Nc5 33. Nc6 Qe4 34. Kd2 b3
35. Qf5 Qxg2+ 36. Nf2 Ne4+ 37. Qxe4 Qxf2+ 38. Kd1 Qf1+ 39. Kd2 Qf2+ 40. Kd1 Qg1+
41. Kd2 Qf2+ 42. Kd1 Qf1+ 43. Kd2 Bxb2 44. Qg6+ Bg7 45. Qe8+ Kh7 46. Qe4+ Kh8
47. Qe8+ Bf8 48. Ne7 b2 49. Ng6+ Kg7 50. Nxf8 Qxf8 51. Qxf8+ Kxf8 52. Kc2 h5 0-1

[Event "DRUZYNOWE MISTRZOSTWA POLSKI - II LIGA 2018"]
[Site "Jastrzebia Gora"]
[Date "1899-12-30"]
[Round "4.24"]
[White "Dmochowska, Agnieszka"]
[Black "Pluta, Natalia"]
[Result "1-0"]
[WhiteTitle "WCM"]
[BlackTitle "I++"]
[WhiteElo "2125"]
[BlackElo "1816"]

1. c4 c5 2. Nc3 Nc6 3. g3 g6 4. Bg2 Bg7 5. e3 e6 6. Nge2 Nge7 7. Nf4 a6 8. a4 d6
9. O-O O-O 10. Qe2 Rb8 11. Rd1 Bd7 12. Rb1 Qa5 13. b3 Rfd8 14. Bb2 Be8 15. h4
Qc7 16. Kh2 Na5 17. Ba3 Nf5 18. Ne4 Nxb3 19. Rxb3 Bxa4 20. Rdb1 Bxb3 21. Rxb3
Ne7 22. Ng5 Qd7 23. Bh3 Qa4 24. Rd3 e5 25. Nfe6 Qxc4 26. Nxd8 Rxd8 27. Bf1 b5
28. Qd1 Qa2 29. Bxc5 Nd5 30. Ra3 Qb2 31. Rb3 Qa2 32. Ra3 Qb2 33. Qf3 dxc5 34.
Qxf7+ Kh8 35. Ne6 Rg8 36. Rxa6 Qxd2 37. Ra8 Qxf2+ 38. Qxf2 Rxa8 39. Bg2 Nf6 40.
Bxa8 Ng4+ 41. Kg2 Nxf2 42. Kxf2 c4 43. Nxg7 Kxg7 44. e4 Kf6 45. Bc6 b4 46. Bd5
c3 47. Bb3 Ke7 48. Ke3 Kd6 49. Kd3 Kc5 50. g4 h6 51. Ba4 g5 52. hxg5 hxg5 53.
Bc2 Kb5 54. Bb3 Kc5 55. Ba4 Kb6 56. Kc4 Ka5 57. Bc2 1-0

[Event "DRUZYNOWE MISTRZOSTWA POLSKI - II LIGA 2018"]
[Site "Jastrzebia Gora"]
[Date "1899-12-30"]
[Round "4.25"]
[White "Teclaf, Pawel"]
[Black "Jedynak, Radoslaw"]
[Result "1-0"]
[WhiteTitle "CM"]
[BlackTitle "GM"]
[WhiteElo "2390"]
[BlackElo "2353"]

1. e4 e6 2. d4 d5 3. e5 c5 4. c3 Qb6 5. Nf3 Bd7 6. Be2 cxd4 7. cxd4 Bb5 8. Nc3
Bxe2 9. Nxe2 Nc6 10. O-O Nge7 11. Rb1 Nf5 12. g4 Nfe7 13. Ng3 Ng6 14. Nh5 Rg8
15. Bg5 Be7 16. Bxe7 Ngxe7 17. b4 h6 18. Qd2 O-O-O 19. Rfc1 Kb8 20. a4 Rc8 21.
Rc5 Qd8 22. Rbc1 b6 23. R5c3 Qd7 24. a5 bxa5 25. bxa5 Ka8 26. Rc5 Qb7 27. Qf4
Ng6 28. a6 Qd7 29. Qe3 Nge7 30. Qc3 Rb8 31. Rxc6 Nxc6 32. Qxc6+ Qxc6 33. Rxc6
Rb6 34. Rc7 Rxa6 35. Rxf7 Rb6 36. Rc7 a5 37. Rc3 a4 38. Ra3 Rb4 39. Nf4 Kb8 40.
Nd3 1-0

[Event "DRUZYNOWE MISTRZOSTWA POLSKI - II LIGA 2018"]
[Site "Jastrzebia Gora"]
[Date "1899-12-30"]
[Round "4.26"]
[White "Pazderski, Ziemowit"]
[Black "Kempinski, Tomasz"]
[Result "1-0"]
[WhiteTitle "k+"]
[BlackTitle "FM"]
[WhiteElo "2239"]
[BlackElo "2152"]

1. d4 Nf6 2. c4 e5 3. dxe5 Ng4 4. Bf4 Nc6 5. Nf3 Bb4+ 6. Nc3 Qe7 7. Qd5 Bxc3+ 8.
bxc3 f6 9. exf6 Nxf6 10. Qd3 d6 11. e3 O-O 12. Be2 Ne4 13. O-O Bf5 14. Qd5+ Kh8
15. Rac1 Rae8 16. Nd4 Bd7 17. Bd3 Nc5 18. Bc2 Ne5 19. Bxe5 dxe5 20. Nb3 Na4 21.
Qxb7 Nxc3 22. Bd1 Nxa2 23. Ra1 Nc3 24. Qxc7 Rc8 25. Qb7 Rb8 26. Qxa7 Qe8 27. Nc5
Bc6 28. Bg4 Qg6 29. Bh3 Rbe8 30. Rae1 Rf3 31. g3 Rf7 32. Qa5 Qh5 33. Qxc3 Qxh3
34. e4 h5 35. Qe3 Ref8 36. Qg5 Rf3 37. Qxe5 R3f5 38. Qe7 h4 39. Ne6 R5f7 40. Qxh4+
Qxh4 41. gxh4 Re8 42. Ng5 Rf4 43. Kg2 Rg4+ 44. Kf3 Bd7 45. Ke3 Rxh4 46. f3 g6
47. Rf2 Ra8 48. Rd1 Bc6 49. Rd6 1-0

[Event "DRUZYNOWE MISTRZOSTWA POLSKI - II LIGA 2018"]
[Site "Jastrzebia Gora"]
[Date "1899-12-30"]
[Round "4.27"]
[White "Bartkowiak, Damian"]
[Black "Maciaga, Marcin"]
[Result "0-1"]
[WhiteTitle "k"]
[BlackTitle "k+"]
[WhiteElo "2148"]
[BlackElo "2117"]

1. d4 Nf6 2. c4 e6 3. Nf3 b6 4. g3 Ba6 5. Qa4 c5 6. Bg2 Bb7 7. O-O Bc6 8. Qc2 Be4
9. Qa4 Bc6 10. Qc2 Be7 11. Rd1 O-O 12. Nc3 cxd4 13. Nxd4 Bxg2 14. Kxg2 Qc7 15.
Bf4 Qxc4 16. Rac1 Nc6 17. Ndb5 Nh5 18. Bd6 Bxd6 19. Rxd6 a6 20. Na3 Qg4 21. f3
Qg5 22. Rxd7 Ne5 23. Rd4 Rac8 24. Rcd1 Ng6 25. Qd2 Qe5 26. Na4 Qc7 27. Rd6 Rb8
28. Rc1 Qe7 29. Nxb6 Nf6 30. Nbc4 Rfd8 31. Rxd8+ Rxd8 32. Qa5 Nd5 33. Qxa6 h5
34. e4 Ngf4+ 35. gxf4 Nxf4+ 36. Kh1 Qg5 37. Ne3 Nh3 38. Qe2 Nf4 39. Rg1 Qxg1+
40. Kxg1 Nxe2+ 41. Kf2 Nc1 42. Nac4 Nxa2 43. Kg3 Nc1 44. f4 Ne2+ 45. Kf3 Nd4+
46. Kg3 g6 47. Kf2 Rb8 48. Nd1 Rb3 49. Nce3 Kg7 50. h3 Nc6 51. Ke2 e5 52. fxe5
Nxe5 53. Kd2 Rb4 54. Kc3 Rxe4 55. b4 f5 56. b5 Nd7 57. Nd5 Rh4 58. Nf2 Ra4 59.
b6 Ra6 60. b7 Ra7 61. Nd3 Rxb7 62. N3f4 Ra7 63. Ne6+ Kh6 64. Ne7 Nf6 65. Nc6 Ra3+
66. Kd4 Rxh3 67. Ne5 Rh4+ 68. Kd3 Ra4 69. Nf7+ Kh7 70. Nfg5+ Kg8 71. Ke3 Nh7 0-1

[Event "DRUZYNOWE MISTRZOSTWA POLSKI - II LIGA 2018"]
[Site "Jastrzebia Gora"]
[Date "1899-12-30"]
[Round "4.28"]
[White "Choroszej, Aleksander"]
[Black "Paszek, Krzysztof"]
[Result "1-0"]
[WhiteTitle "k"]
[BlackTitle "k"]
[WhiteElo "2054"]
[BlackElo "2128"]

1. d4 d6 2. e4 Nf6 3. Nc3 g6 4. f4 Bg7 5. Nf3 O-O 6. e5 Nfd7 7. h4 c5 8. h5 cxd4
9. hxg6 hxg6 10. Qxd4 Nc6 11. Qf2 Re8 12. e6 Nf8 13. f5 gxf5 14. exf7+ Kxf7 15.
Qh4 e6 16. Qh5+ Kg8 17. Bh6 Bxh6 18. Qxh6 Qe7 19. Rh5 Qh7 20. Qg5+ Qg7 21. Qh4
Ng6 22. Qh2 Nce5 23. O-O-O Nf7 24. Bd3 Kf8 25. g4 Nge5 26. Nxe5 Qxe5 27. Qf2 Ke7
28. gxf5 Kd8 29. Re1 Qc5 30. Qh4+ Kc7 31. Rh7 1-0

[Event "DRUZYNOWE MISTRZOSTWA POLSKI - II LIGA 2018"]
[Site "Jastrzebia Gora"]
[Date "1899-12-30"]
[Round "4.29"]
[White "Niemier, Hubert"]
[Black "Krasiewicz, Robert"]
[Result "1/2-1/2"]
[WhiteTitle "I"]
[BlackTitle "k+"]
[WhiteElo "1838"]
[BlackElo "1965"]

1. d4 f5 2. Bg5 h6 3. Bh4 g5 4. e4 Nf6 5. e5 e6 6. exf6 Qxf6 7. Bg3 f4 8. Bd3 c5
9. Nf3 Bg7 10. Bxf4 gxf4 11. c3 cxd4 12. Nxd4 O-O 13. O-O Nc6 14. Nf3 d5 15. Bc2
Rd8 16. Bb3 Qf7 17. Na3 e5 18. Nd2 Be6 19. f3 Ne7 20. Qe2 Nf5 21. Nc2 a5 22. a3
Qc7 23. Kh1 Ra6 24. Qf2 d4 25. Bxe6+ Rxe6 26. c4 d3 27. Ne1 Ne3 28. Rg1 Rc6 29.
g3 Nxc4 30. Nxc4 Rxc4 31. Rd1 Rcd4 32. Rd2 Kh8 33. gxf4 exf4 34. Ng2 Re8 35. Nh4
Rd5 36. Qf1 Qc4 37. Qg2 Rg5 38. Qf1 Bd4 39. Rxg5 hxg5 40. Nf5 Be3 41. Rxd3 Bc5
42. Qh3+ Kg8 43. Nh6+ Kh8 44. Nf5+ Kg8 45. Nh6+ Kh8 46. Nf5+ Kg8 47. Nh6+ Kh8
1/2-1/2

[Event "DRUZYNOWE MISTRZOSTWA POLSKI - II LIGA 2018"]
[Site "Jastrzebia Gora"]
[Date "1899-12-30"]
[Round "4.30"]
[White "Andrejczuk, Beata"]
[Black "Huchwajda, Katarzyna"]
[Result "1-0"]
[WhiteTitle "WFM"]
[BlackTitle "I++"]
[WhiteElo "2057"]
[BlackElo "1766"]

1. e4 c5 2. Nc3 e6 3. f4 a6 4. a4 d5 5. d3 Nc6 6. Nf3 b6 7. g3 Bb7 8. Bg2 Be7 9.
O-O h5 10. h4 Nf6 11. exd5 exd5 12. Re1 O-O 13. Ng5 Nd4 14. Be3 Nf5 15. Bf2 Ng4
16. Bf3 Nxf2 17. Kxf2 g6 18. Bxh5 Bf6 19. Bf3 Bd4+ 20. Kg2 Re8 21. Rxe8+ Qxe8
22. Qd2 Ne3+ 23. Kh2 f6 24. Nh3 Qe6 25. Nf2 Re8 26. Rh1 Kg7 27. Ncd1 Nf5 28. Ng4
Be3 29. Ndxe3 Nxe3 30. Nxe3 Qxe3 31. Qg2 Qd4 32. b3 Re7 33. Rf1 b5 34. axb5 axb5
35. Rf2 c4 36. dxc4 bxc4 37. Rd2 Qc3 38. Bxd5 cxb3 39. cxb3 Rd7 40. Rc2 Qb4 41.
Bxb7 Rxb7 42. Qf3 Re7 43. Qd5 Qe1 44. f5 Re5 45. Qb7+ Re7 46. Qf3 Qb1 47. Rf2
gxf5 48. Qxf5 Qxf5 49. Rxf5 Rb7 50. Rf3 Rb4 51. Kg2 Kg6 52. Kf2 f5 53. Ke2 Rb5
54. Kd2 Kh5 55. Kc3 Kg4 56. Rd3 Rb8 57. b4 Rf8 58. b5 f4 59. gxf4 Kxf4 60. Kb4
Ke4 61. Rh3 Kf4 62. h5 Kg4 63. Rh1 Rh8 64. h6 Rh7 65. b6 Kf5 66. Kc5 Ke6 67. Kc6
Rh8 68. b7 1-0

[Event "DRUZYNOWE MISTRZOSTWA POLSKI - II LIGA 2018"]
[Site "Jastrzebia Gora"]
[Date "1899-12-30"]
[Round "4.32"]
[White "Helis, Tadeusz"]
[Black "Szostko, Jakub"]
[Result "1/2-1/2"]
[WhiteTitle "FM"]
[BlackTitle "FM"]
[WhiteElo "2182"]
[BlackElo "2299"]

1. e4 e5 2. Nf3 Nc6 3. Nc3 Nf6 4. d4 exd4 5. Nxd4 Bb4 6. Nxc6 bxc6 7. Bd3 O-O 8.
O-O Re8 9. Qf3 Bd6 10. Bf4 Bxf4 11. Qxf4 d6 12. Rfe1 Nd7 13. Re3 Qf6 14. Qxf6
Nxf6 15. h3 Nd7 16. Ne2 Rb8 17. b3 Nc5 18. Nd4 Bd7 19. Rae1 Rb4 20. c3 Nxd3 21.
Rxd3 Rbb8 22. Nc2 c5 23. Rdd1 Bc6 24. f3 a5 25. Rb1 Bd7 26. Na3 f6 27. Kf2 Be6
28. c4 Bd7 29. Rb2 a4 30. Nb1 Be6 31. Nd2 Rb6 32. Rc2 axb3 33. axb3 Ra8 34. Re3
Rba6 35. Re1 Ra2 36. Rec1 Kf7 37. Ke3 Ke7 38. Kd3 Kd7 39. Kc3 f5 40. Rb2 fxe4
41. Rxa2 Rxa2 42. fxe4 Ke7 43. Rf1 Bf7 44. Rf4 Bg6 45. Rf1 Ra7 1/2-1/2